Statistics for spiros games

Click here to take the quiz!

General Stats

  • This quiz has been taken 3 times
  • The average score is 6 of 10

Answer Stats

HintAnswer% Correct
last player in squid games456
100%
the first game starts with the word hotpotato
100%
who am i or what role am i?spiros/frontman
100%
how many games are there in the spiros games9
50%
is the third game the final game?no
50%
is this gonna happen or not?yes
50%
is there tug of war in one of these games?yes
50%
is this the last question?yes
50%
how many numbers can their be in the spiros games500
0%
the second game is simular to game 5 in squid gamestile hopping
0%

Score Distribution

Percentile by Number Answered

Percent of People with Each Score

Your Score History

You have not taken this quiz